| 000 | 00493 a2200169 4500 | ||
|---|---|---|---|
| 003 | NUST | ||
| 005 | 20251021140708.0 | ||
| 040 | _cNust | ||
| 082 | _a621.382,GUL | ||
| 100 |
_aGul, Capt Ayaz (TE-39) _9131357 |
||
| 245 |
_aNetwork intrusion detection system using wavelet neural network / _cCapt Ayaz Gul , Capt Amir Hassan , Capt Jamil Akhter |
||
| 260 |
_aRawalpindi _bMCS,NUST _c2006 |
||
| 300 | _a60, p.; | ||
| 650 |
_aUG Projects _998716 |
||
| 651 |
_aTE-39 _9131358 |
||
| 942 |
_cPR _2ddc |
||
| 999 |
_c183517 _d183517 |
||